Beyoncé - Chansons en émojis #1 - Statistiques

Statistiques générales
  • Ce quiz a été pris 12 fois
  • Le résultat moyen est 6 sur 11
Statistiques - réponses
Emojis Chansons % Correct
🏃🏽‍♀️‍➡️🌍 (👩🏻) Run the World (Girls)
100%
👽🦸🏻‍♀️⭐️ Alien Superstar
80%
❤️🔛🔝 Love on Top
80%
⛪️👧🏻 Church Girl
50%
💍📴 Ring Off
50%
🏜️🦅 Desert Eagle
40%
🎁♍️ Gift from Virgo
40%
📻🩻 Radio
40%
🏖️🏰🏰🏰 Sandcastles
40%
😈👩🏻 Naughty Girl
20%
🧍🏽‍♀️🔛☀️ Standing On The Sun
20%
Aucun quiz correspondant
Distribution des résultats
% des personnes avec chaque résultat
Percentile par nombre de réponses
Votre historique - résultats
Vous n’avez pas pris ce quiz